| 000 | 00595naa a2200217 i 4500 | ||
|---|---|---|---|
| 001 | 48491 | ||
| 003 | ES-MaBCM | ||
| 005 | 20241016105057.0 | ||
| 008 | 970917s1997 esp 000 0 spa d | ||
| 021 | _axx | ||
| 035 | _a(OCoLC)1365210276 | ||
| 040 | _cES-MaBCM | ||
| 041 | 0 | _aspa | |
| 043 | _aesp | ||
| 100 | 1 |
_aThakur, Ramesh _946106 |
|
| 245 | 1 | 0 |
_aIndia en el mundo _cRamesh Thakur |
| 650 | 2 | 7 |
_aRelación internacional _960079 |
| 651 | 2 | 4 |
_aIndia _9115810 |
| 773 | 0 |
_aEn: _tPolítica exterior _dMadrid : 1997 _w104608 _gv. XI, n. 59, sep.-oct., p. 119-130. - Loc. S.370 |
|
| 942 | _cAREV | ||
| 999 |
_c48491 _d48491 |
||